[Event "Leiden Noteboom op 83rd"]
[Site "Leiden"]
[Date "2024.02.17"]
[Round "2"]
[White "Boeren, Jurriaan"]
[Black "Smeets, Jan"]
[Result "0-1"]
[WhiteElo "2135"]
[BlackElo "2542"]
[PlyCount "66"]
[EventDate "2024.02.16"]
[EventType "swiss"]
[EventRounds "6"]
[EventCountry "NED"]
[SourceTitle "CB08_2024"]
[SourceDate "2024.02.21"]
[SourceVersion "1"]
[SourceVersionDate "2024.02.21"]
[SourceQuality "1"]

1. e4 c6 2. d4 d5 3. e5 Bf5 4. Nd2 e6 5. Nb3 Nd7 6. Nf3 Qc7 7. Be3 f6 8. Bf4 Bg4 9. h3 Bxf3 10. Qxf3 fxe5 11. dxe5 0-0-0 12. Nd4 Re8 13. Bd3 Nxe5 14. Qh5 Nxd3+ 15. cxd3 Qa5+ 16. Bd2 Qd8 17. 0-0 Nf6 18. Qh4 e5 19. Nb3 Bd6 20. Qa4 Kb8 21. Rac1 Qb6 22. Na5 Qb5 23. Qc2 e4 24. d4 e3 25. a4 exf2+ 26. Rxf2 Qb6 27. Rf3 Ka8 28. Kh1 Ne4 29. Rb3 Qxd4 30. Be1 Rhf8 31. Bh4 Qe5 32. g3 Rf2 33. Qd3 Qe6 0-1

[Event "NED-chT 2223"]
[Site "Netherlands"]
[Date "2023.03.11"]
[Round "7.4"]
[White "Lombaers, Peter"]
[Black "Smeets, Jan"]
[Result "1/2-1/2"]
[WhiteElo "2352"]
[BlackElo "2558"]
[PlyCount "116"]
[EventDate "2022.09.17"]
[EventType "team-tourn"]
[EventRounds "9"]
[EventCountry "NED"]
[SourceTitle "CBM 213 Extra"]
[Source "ChessBase"]
[SourceDate "2023.05.31"]
[SourceVersion "1"]
[SourceVersionDate "2023.05.31"]
[SourceQuality "1"]
[WhiteTeam "Paul Keres"]
[BlackTeam "Leiden LSG"]
[WhiteTeamCountry "NED"]
[BlackTeamCountry "NED"]

1. d4 d5 2. c4 c6 3. Nc3 Nf6 4. e3 Bf5 5. cxd5 cxd5 6. Qb3 Nc6 7. Qxb7 Bd7 8. Qb3 Rb8 9. Qd1 e5 10. dxe5 Nxe5 11. Be2 Bd6 12. Nf3 Nxf3+ 13. Bxf3 Qc7 14. h3 0-0 15. 0-0 Rfd8 16. a4 Bh2+ 17. Kh1 Be5 18. Qe2 Be6 19. Rd1 Ne4 20. Nxe4 dxe4 21. Bxe4 Rxd1+ 22. Qxd1 Rd8 23. Qg1 Qc4 24. Bf3 h6 25. e4 a6 26. Qe1 Qb3 27. a5 Bc4 28. Be3 Bxb2 29. Rd1 Re8 30. Bb6 f5 31. Rd8 Rxd8 32. Bxd8 Qd3 33. Bc7 Bc3 34. Qe3 Qxe3 35. fxe3 fxe4 36. Bxe4 Kf7 37. Kg1 Be1 38. Bf5 Kf6 39. Bc8 g5 40. e4 Ke7 41. g3 h5 42. Kg2 Be2 43. e5 Bc4 44. Kf3 Bd5+ 45. Ke3 Bxg3 46. Bxa6 Kd7 47. Bb8 Be1 48. Be2 Bxa5 49. Bxh5 Be6 50. Bg4 Bxg4 51. hxg4 Ke6 52. Ke4 Bc3 53. Bd6 Bb2 54. Bc7 Bc3 55. Bd8 Bxe5 56. Bxg5 Bc3 57. Bd8 Bd2 58. g5 Bxg5 1/2-1/2

[Event "Bundesliga 2223"]
[Site "Germany"]
[Date "2023.02.26"]
[Round "9.5"]
[White "Gumularz, Szymon"]
[Black "Smeets, Jan"]
[Result "1-0"]
[WhiteElo "2546"]
[BlackElo "2552"]
[PlyCount "69"]
[EventDate "2022.10.21"]
[EventType "team-tourn"]
[EventRounds "15"]
[EventCountry "GER"]
[SourceTitle "CBM 213 Extra"]
[Source "ChessBase"]
[SourceDate "2023.05.31"]
[SourceVersion "1"]
[SourceVersionDate "2023.05.31"]
[SourceQuality "1"]
[WhiteTeam "Kiel Turm"]
[BlackTeam "Solingen"]
[WhiteTeamCountry "GER"]
[BlackTeamCountry "GER"]

1. c4 e5 2. d3 Bb4+ 3. Nd2 a5 4. Ngf3 d6 5. e3 Nf6 6. Be2 0-0 7. 0-0 a4 8. Nb1 e4 9. Ne1 Qe8 10. d4 Bf5 11. Nc2 Ba5 12. b4 axb3 13. axb3 c5 14. Nc3 Nc6 15. Nb5 Qe7 16. Bb2 Rfd8 17. Ra4 b6 18. Qa1 h5 19. d5 Ne5 20. Nxd6 Nf3+ 21. Bxf3 Rxd6 22. Be2 Re8 23. b4 cxb4 24. Nd4 Bd7 25. Rxa5 bxa5 26. Qxa5 Rb8 27. Ra1 Ng4 28. Bxg4 hxg4 29. Qc5 Qe5 30. Nb3 Qxb2 31. Qxd6 Rb7 32. c5 Ba4 33. c6 Bxb3 34. Rf1 Ra7 35. Qb8+ 1-0

[Event "NED-chT 2223"]
[Site "Netherlands"]
[Date "2022.12.17"]
[Round "5.5"]
[White "Smeets, Jan"]
[Black "Jansen, Bob"]
[Result "1-0"]
[WhiteElo "2552"]
[BlackElo "2175"]
[PlyCount "59"]
[EventDate "2022.09.17"]
[EventType "team-tourn"]
[EventRounds "9"]
[EventCountry "NED"]
[SourceTitle "CBM 213 Extra"]
[Source "ChessBase"]
[SourceDate "2023.05.31"]
[SourceVersion "1"]
[SourceVersionDate "2023.05.31"]
[SourceQuality "1"]
[WhiteTeam "Leiden LSG"]
[BlackTeam "De Stukkenjagers"]
[WhiteTeamCountry "NED"]
[BlackTeamCountry "NED"]

1. e4 e6 2. d4 d5 3. e5 c5 4. c3 Nc6 5. Nf3 Nge7 6. Bd3 cxd4 7. cxd4 Nf5 8. Bxf5 exf5 9. Nc3 Be6 10. Ne2 Be7 11. Nf4 Rc8 12. Bd2 Qb6 13. Bc3 Qb5 14. h4 h6 15. h5 Kd7 16. Ng1 Rc7 17. Nge2 Rhc8 18. Kf1 a5 19. a4 Qa6 20. Kg1 Nb4 21. Rh3 Bf8 22. Nxe6 fxe6 23. Nf4 Nc6 24. g4 Ne7 25. gxf5 Nxf5 26. Qg4 Ne7 27. Rf3 Rc4 28. Ng6 Nxg6 29. Qxg6 Kc7 30. Rxf8 1-0

[Event "Bundesliga 2122"]
[Site "Germany"]
[Date "2022.05.15"]
[Round "8.6"]
[White "Seyb, Alexander"]
[Black "Smeets, Jan"]
[Result "1-0"]
[WhiteElo "2427"]
[BlackElo "2563"]
[PlyCount "61"]
[EventDate "2022.03.05"]
[EventType "team-tourn"]
[EventRounds "15"]
[EventCountry "GER"]
[SourceTitle "EXT 2023"]
[Source "ChessBase"]
[SourceDate "2022.10.05"]
[SourceVersion "1"]
[SourceVersionDate "2022.10.05"]
[SourceQuality "1"]
[WhiteTeam "Berlin SF"]
[BlackTeam "Solingen"]
[WhiteTeamCountry "GER"]
[BlackTeamCountry "GER"]

1. e4 c6 2. d4 d5 3. e5 Bf5 4. Nf3 e6 5. Be2 Ne7 6. 0-0 h6 7. Nbd2 Nd7 8. Nb3 g5 9. Ne1 c5 10. c3 Qc7 11. f4 0-0-0 12. fxg5 c4 13. Nd2 hxg5 14. g4 Bg6 15. Ndf3 f6 16. exf6 Nxf6 17. Ne5 Ne4 18. N1f3 Bg7 19. Nxg5 Nc6 20. Nxe6 Bxe5 21. Nxc7 Bxh2+ 22. Kg2 Bxc7 23. Bf4 Bxf4 24. Rxf4 Ng5 25. Rf6 Be4+ 26. Kg3 Rh3+ 27. Kf4 Rg8 28. Qa4 Kd7 29. Qa3 Ne6+ 30. Rxe6 Kxe6 31. g5 1-0

[Event "NED-chT 2122"]
[Site "Netherlands"]
[Date "2021.09.18"]
[Round "1.3"]
[White "Smeets, Jan"]
[Black "Suvorov, Alexander David"]
[Result "0-1"]
[WhiteElo "2576"]
[BlackElo "2391"]
[PlyCount "80"]
[EventDate "2021.09.18"]
[EventType "team-tourn"]
[EventRounds "9"]
[EventCountry "NED"]
[SourceTitle "EXT 2023"]
[Source "ChessBase"]
[SourceDate "2022.10.05"]
[SourceVersion "1"]
[SourceVersionDate "2022.10.05"]
[SourceQuality "1"]
[WhiteTeam "Leiden LSG"]
[BlackTeam "Zuid Limburg"]
[WhiteTeamCountry "NED"]
[BlackTeamCountry "NED"]

1. e4 c5 2. Nf3 e6 3. d4 cxd4 4. Nxd4 Nc6 5. Nc3 Qc7 6. g3 a6 7. Bg2 Nge7 8. Nde2 Ng6 9. Be3 Nce5 10. b3 b5 11. h3 Bb7 12. f4 Nc6 13. 0-0 Be7 14. Qe1 Rc8 15. Qf2 d6 16. Rad1 Bf6 17. e5 dxe5 18. f5 Nge7 19. g4 Nd4 20. fxe6 fxe6 21. g5 0-0 22. Qe1 Bxg2 23. Kxg2 Nef5 24. Bd2 Qc6+ 25. Kh2 Be7 26. Ng1 Nxc2 27. Qe4 Qxe4 28. Nxe4 Ncd4 29. Rc1 Ba3 30. Rxc8 Rxc8 31. Rf2 Rc2 32. Ba5 Rc1 33. Nf3 Nxf3+ 34. Rxf3 Bb2 35. Rf2 Bd4 36. Re2 Kf7 37. Nf2 Bxf2 38. Rxf2 e4 39. Re2 e3 40. Bb6 Rc3 0-1

[Event "NED-chT 1920"]
[Site "Netherlands"]
[Date "2020.02.01"]
[Round "5.3"]
[White "Smeets, Jan"]
[Black "Van de Griendt, Jan Willem"]
[Result "1-0"]
[WhiteElo "2583"]
[BlackElo "2336"]
[PlyCount "83"]
[EventDate "2019.09.28"]
[EventType "team-tourn"]
[EventRounds "9"]
[EventCountry "NED"]
[SourceTitle "CBM 195 Extra"]
[Source "ChessBase"]
[SourceDate "2020.05.31"]
[SourceVersion "1"]
[SourceVersionDate "2020.05.31"]
[SourceQuality "1"]
[WhiteTeam "Leiden LSG"]
[BlackTeam "En Passant"]
[WhiteTeamCountry "NED"]
[BlackTeamCountry "NED"]

1. e4 e5 2. Nf3 Nc6 3. d4 exd4 4. Nxd4 Bc5 5. Nxc6 Qf6 6. Qf3 bxc6 7. Nd2 Qxf3 8. gxf3 d5 9. Nb3 Bb4+ 10. Bd2 Bxd2+ 11. Kxd2 dxe4 12. fxe4 Ne7 13. Rg1 0-0 14. Nc5 Rd8+ 15. Kc3 Rd6 16. Bc4 h5 17. f4 Kf8 18. Raf1 g6 19. Rg3 h4 20. Rd3 Bg4 21. Rg1 Bc8 22. Rgd1 Rxd3+ 23. Rxd3 Ke8 24. a4 a5 25. Rd4 Rb8 26. Nb3 Ra8 27. Nc5 Rb8 28. b3 Bg4 29. Nd3 f6 30. Kd2 Nc8 31. e5 Ke7 32. exf6+ Kxf6 33. Ne5 Bf5 34. Nxc6 Rb6 35. Nxa5 Nd6 36. Bd3 h3 37. Nc4 Nxc4+ 38. Rxc4 Bxd3 39. Kxd3 Kf5 40. Ke3 Kg4 41. a5 Re6+ 42. Re4 1-0

[Event "Tata Steel-B 82nd"]
[Site "Wijk aan Zee"]
[Date "2020.01.24"]
[Round "11"]
[White "Eljanov, Pavel"]
[Black "Smeets, Jan"]
[Result "1/2-1/2"]
[WhiteElo "2650"]
[BlackElo "2585"]
[PlyCount "158"]
[EventDate "2020.01.11"]
[EventType "tourn"]
[EventRounds "13"]
[EventCountry "NED"]
[EventCategory "15"]
[SourceTitle "CBM 194"]
[Source "ChessBase"]
[SourceDate "2020.01.27"]
[SourceVersion "1"]
[SourceVersionDate "2020.01.27"]
[SourceQuality "1"]

1. Nf3 d5 2. g3 g6 3. Bg2 Bg7 4. d4 Nf6 5. 0-0 0-0 6. c4 c6 7. Qb3 a5 8. Rd1 a4 9. Qb4 Qa5 10. Qxa5 Rxa5 11. Na3 Be6 12. Bd2 Ra6 13. Bb4 dxc4 14. Bxe7 Re8 15. Bb4 Rb6 16. Bc3 Ne4 17. Nd2 Nxc3 18. bxc3 Rb2 19. Ndxc4 Rxe2 20. Bf3 Bxc4 21. Nxc4 R2e7 22. Rab1 b5 23. Ne3 Rc7 24. c4 bxc4 25. Nxc4 Nd7 26. Rbc1 Bf8 27. Kg2 Rec8 28. Rc2 Kg7 29. Re1 h5 30. Rec1 Be7 31. Ne3 Ba3 32. Rb1 Nf8 33. Rc4 Be7 34. Rxa4 Rd7 35. Rc4 Rcd8 36. Nc2 Ne6 37. Bxc6 Ra7 38. a4 Bf6 39. d5 Nc7 40. Ne3 Ne8 41. Rcb4 Nd6 42. Nc4 Nxc4 43. Rxc4 Be7 44. Rc3 Rc8 45. Rcb3 Rcc7 46. f4 Bd6 47. Kf3 Re7 48. Rb7 Rexb7 49. Rxb7 Rxb7 50. Bxb7 Bc7 51. Ba6 Kf6 52. Bd3 Ke7 53. Ke4 f5+ 54. Kf3 Kd6 55. Bb5 Ke7 56. h4 Kd8 57. Ke2 Ke7 58. Bc6 Kd8 59. Kd2 Ke7 60. Ke3 Bb6+ 61. Ke2 Bc7 62. Bb7 Kd8 63. Ba6 Kd7 64. Bb5+ Ke7 65. Bc6 Kd8 66. Kd3 Ke7 67. Bb7 Kd7 68. Kd4 Kd6 69. Bc6 Bb6+ 70. Kc4 Bf2 71. a5 Kc7 72. Kb5 Bxg3 73. a6 Kb8 74. d6 Bxf4 75. Kc5 Bg3 76. Be8 Ka7 77. d7 Bxh4 78. Kb5 Bd8 79. Bxg6 h4 1/2-1/2

[Event "Tata Steel-B 82nd"]
[Site "Wijk aan Zee"]
[Date "2020.01.17"]
[Round "6"]
[White "Smeets, Jan"]
[Black "Ganguly, Surya Shekhar"]
[Result "1/2-1/2"]
[WhiteElo "2585"]
[BlackElo "2636"]
[PlyCount "137"]
[EventDate "2020.01.11"]
[EventType "tourn"]
[EventRounds "13"]
[EventCountry "NED"]
[EventCategory "15"]
[SourceTitle "CBM 194"]
[Source "ChessBase"]
[SourceDate "2020.01.27"]
[SourceVersion "1"]
[SourceVersionDate "2020.01.27"]
[SourceQuality "1"]

1. e4 c5 2. Nf3 d6 3. Bb5+ Nd7 4. 0-0 a6 5. Bd3 Ngf6 6. Re1 e6 7. c3 b5 8. a4 Bb7 9. Bc2 c4 10. d4 cxd3 11. Qxd3 Nc5 12. Qe2 bxa4 13. Be3 Bxe4 14. Bxc5 Bxc2 15. Qxc2 dxc5 16. Qxa4+ Qd7 17. Rd1 Qxa4 18. Rxa4 Be7 19. Nbd2 Nd5 20. Nc4 f6 21. Rda1 Nc7 22. h4 0-0 23. Kf1 h5 24. Ke2 Rfd8 25. Ne1 Rab8 26. Nd3 Kf7 27. Kd2 Rd5 28. Kc2 g6 29. Ne3 Rd7 30. Rd1 Kg7 31. Rc4 Nd5 32. Re1 Nb6 33. Re4 e5 34. Nc4 Nxc4 35. Rxc4 Rbd8 36. Rd1 f5 37. f3 f4 38. b3 Rd5 39. Ra4 R8d6 40. Raa1 Kh7 41. c4 Rd4 42. Nxe5 Bf6 43. Rxd4 Rxd4 44. Re1 Bxh4 45. Re2 g5 46. Nd3 g4 47. Nxc5 gxf3 48. gxf3 Bg3 49. Nxa6 h4 50. c5 h3 51. c6 Rd6 52. Nb4 Rd8 53. c7 Rc8 54. Nd5 h2 55. Rxh2+ Bxh2 56. Kd3 Bg1 57. Kc4 Bb6 58. Nxb6 Rxc7+ 59. Kd4 Kg6 60. Nd5 Rf7 61. Ke5 Kg5 62. b4 Rf8 63. b5 Re8+ 64. Kd6 Re3 65. Nxf4 Kxf4 66. b6 Rb3 67. Kc7 Kxf3 68. b7 Rxb7+ 69. Kxb7 1/2-1/2

[Event "Tata Steel-B 82nd"]
[Site "Wijk aan Zee"]
[Date "2020.01.14"]
[Round "4"]
[White "Anton Guijarro, David"]
[Black "Smeets, Jan"]
[Result "1-0"]
[WhiteElo "2694"]
[BlackElo "2585"]
[PlyCount "117"]
[EventDate "2020.01.11"]
[EventType "tourn"]
[EventRounds "13"]
[EventCountry "NED"]
[EventCategory "15"]
[SourceTitle "CBM 194"]
[Source "ChessBase"]
[SourceDate "2020.01.27"]
[SourceVersion "1"]
[SourceVersionDate "2020.01.27"]
[SourceQuality "1"]

1. e4 e5 2. Nf3 Nf6 3. Nxe5 d6 4. Nf3 Nxe4 5. d4 d5 6. Bd3 Be7 7. 0-0 Nc6 8. Nbd2 Bf5 9. Re1 Nd6 10. Nf1 0-0 11. Bf4 Be6 12. c3 Qd7 13. Qc2 g6 14. Ne3 Rfe8 15. h4 Bf8 16. Ng5 Nd8 17. h5 Bg7 18. hxg6 hxg6 19. Re2 b6 20. Rae1 N8b7 21. Nxe6 Qxe6 22. Nf5 Qd7 23. Nxg7 Kxg7 24. Be5+ f6 25. Bxg6 fxe5 26. Bxe8 Rxe8 27. Rxe5 Rxe5 28. dxe5 Ne4 29. f3 Ng5 30. Qd2 Qf5 31. Qxd5 Nc5 32. Qd8 Nge6 33. Qf6+ Qxf6 34. exf6+ Kxf6 35. Rd1 b5 36. g3 Na4 37. Rd2 a5 38. Kf2 Nb6 39. b3 a4 40. Ke2 Nc5 41. b4 Ne6 42. f4 a3 43. Kf3 Na4 44. Rc2 c6 45. g4 Nc7 46. Ke4 Nd5 47. g5+ Kg6 48. Ke5 Naxc3 49. Rc1 Kg7 50. f5 Nxa2 51. Ra1 Naxb4 52. Rxa3 Nc7 53. f6+ Kg6 54. Rf3 Nba6 55. f7 Nc5 56. Rf6+ Kxg5 57. Rd6 N7e6 58. Rxe6 Nd7+ 59. Kd6 1-0

[Event "Tata Steel-B 82nd"]
[Site "Wijk aan Zee"]
[Date "2020.01.12"]
[Round "2"]
[White "Abdusattorov, Nodirbek"]
[Black "Smeets, Jan"]
[Result "0-1"]
[WhiteElo "2635"]
[BlackElo "2585"]
[PlyCount "82"]
[EventDate "2020.01.11"]
[EventType "tourn"]
[EventRounds "13"]
[EventCountry "NED"]
[EventCategory "15"]
[SourceTitle "CBM 194"]
[Source "ChessBase"]
[SourceDate "2020.01.27"]
[SourceVersion "1"]
[SourceVersionDate "2020.01.27"]
[SourceQuality "1"]

1. e4 e5 2. Nf3 Nf6 3. Nxe5 d6 4. Nf3 Nxe4 5. Nc3 Nxc3 6. dxc3 Be7 7. Be3 0-0 8. Qd2 Nd7 9. 0-0-0 c6 10. Kb1 d5 11. h3 Re8 12. c4 Nb6 13. cxd5 Nxd5 14. Bc4 Be6 15. Bg5 f6 16. Bh4 Bf7 17. Rhe1 b5 18. Bb3 Qb6 19. Re2 Red8 20. Qc1 Bc5 21. Nd2 a5 22. Ne4 Bf8 23. c4 a4 24. c5 Qa7 25. Bxd5 Bxd5 26. Nd6 Bxd6 27. cxd6 Rxd6 28. Bg3 Rdd8 29. Rde1 Qf7 30. a3 Bxg2 31. Re7 Qg6+ 32. Ka1 Re8 33. Qc5 Bd5 34. h4 h5 35. Bf4 Rxe7 36. Qxe7 Rf8 37. Bd2 Rf7 38. Qe2 Rd7 39. Bc3 Kh7 40. f4 Qf5 41. Bd4 Bf7 0-1

[Event "NED-ch rapid 5th"]
[Site "Amstelveen"]
[Date "2019.12.01"]
[Round "6"]
[White "Ernst, Sipke"]
[Black "Smeets, Jan"]
[Result "1/2-1/2"]
[WhiteElo "2553"]
[BlackElo "2596"]
[PlyCount "268"]
[EventDate "2019.12.01"]
[EventType "tourn (rapid)"]
[EventRounds "7"]
[EventCountry "NED"]
[EventCategory "14"]
[SourceTitle "CBM 193 Extra"]
[Source "ChessBase"]
[SourceDate "2020.01.31"]
[SourceVersion "1"]
[SourceVersionDate "2020.01.31"]
[SourceQuality "1"]

1. d4 d5 2. c4 c6 3. Nf3 Nf6 4. Nbd2 Bf5 5. Nh4 Be6 6. e3 g6 7. Qb3 Qc7 8. Nhf3 Bg7 9. Bd3 0-0 10. Qc2 dxc4 11. Nxc4 c5 12. Nce5 Nbd7 13. Bd2 Nxe5 14. Nxe5 Rac8 15. Nf3 Rfd8 16. Rc1 Qd6 17. Qa4 Bd5 18. Qxa7 c4 19. Be2 Ra8 20. Qc5 Qxc5 21. dxc5 Rxa2 22. Bxc4 Bxc4 23. Rxc4 Rxb2 24. Bc1 Rb1 25. 0-0 Rc8 26. e4 b5 27. Rd4 Ne8 28. Rd5 e6 29. Rd7 Rxc5 30. Be3 Rxf1+ 31. Kxf1 Rc8 32. e5 Nc7 33. Bd2 h6 34. g3 Bf8 35. Nd4 b4 36. Ke2 Nd5 37. Rb7 Ra8 38. Nc6 Ra2 39. Kd3 Ra3+ 40. Ke2 Nc3+ 41. Kf1 Ra1+ 42. Kg2 Rd1 43. Be3 Nd5 44. Rb8 Nxe3+ 45. fxe3 Rb1 46. h4 Kg7 47. Rb7 Rd1 48. Nd4 Kg8 49. Rb8 h5 50. Kf3 Rc1 51. Nb5 Rc5 52. Ke4 Rc4+ 53. Kf3 Rc5 54. Ke4 Kg7 55. Nd6 Bxd6 56. exd6 Rd5 57. Rxb4 Rxd6 58. Kf3 Kf6 59. Rf4+ Ke7 60. Ra4 Rd1 61. Ra5 Rf1+ 62. Kg2 Rf5 63. Ra7+ Kd6 64. e4 Rf6 65. Ra5 Kc6 66. Re5 Kb6 67. Rg5 Kc6 68. Ra5 Kd7 69. Rb5 Ke7 70. Ra5 e5 71. Rxe5+ Re6 72. Ra5 Rxe4 73. Kf3 Rb4 74. Ra6 Rd4 75. Rb6 Rd6 76. Rb5 Ke6 77. Ra5 Rd3+ 78. Kf4 Rd4+ 79. Kf3 Rd5 80. Ra7 Rf5+ 81. Kg2 Rb5 82. Kf3 f6 83. Ra3 Kf5 84. Rc3 Rd5 85. Ra3 Ke5 86. Re3+ Kf5 87. Ra3 Ke6 88. Ra6+ Rd6 89. Ra3 Rd7 90. Ra6+ Kf7 91. Ra3 Re7 92. Ra6 Kg7 93. Rb6 g5 94. hxg5 fxg5 95. Ra6 Rf7+ 96. Kg2 Rf6 97. Ra5 Kg6 98. Rb5 Re6 99. Kf3 Kf6 100. Ra5 Rb6 101. Rc5 Rb3+ 102. Kg2 Re3 103. Ra5 Re5 104. Ra4 Rd5 105. Ra3 Kf5 106. Kf3 Ke5 107. Re3+ Kd4 108. Re4+ Kd3 109. Re8 Rf5+ 110. Kg2 g4 111. Re7 Kd4 112. Ra7 Rc5 113. Rd7+ Rd5 114. Ra7 Ke3 115. Re7+ Kd3 116. Ra7 Ke4 117. Re7+ Kf5 118. Re2 Rd4 119. Rf2+ Ke5 120. Re2+ Kd5 121. Ra2 Ke4 122. Re2+ Kd5 123. Ra2 Rc4 124. Ra5+ Rc5 125. Ra4 Ke5 126. Rf4 Rd5 127. Rf2 Ke4 128. Rf4+ Ke3 129. Rf8 Rd2+ 130. Kg1 Ke2 131. Rf2+ Kd3 132. Rf5 Ke3 133. Rxh5 Kf3 134. Ra5 Rd1+ 1/2-1/2

[Event "NED-ch rapid 5th"]
[Site "Amstelveen"]
[Date "2019.12.01"]
[Round "5"]
[White "Smeets, Jan"]
[Black "Van den Doel, Erik"]
[Result "1/2-1/2"]
[WhiteElo "2596"]
[BlackElo "2598"]
[PlyCount "90"]
[EventDate "2019.12.01"]
[EventType "tourn (rapid)"]
[EventRounds "7"]
[EventCountry "NED"]
[EventCategory "14"]
[SourceTitle "CBM 193 Extra"]
[Source "ChessBase"]
[SourceDate "2020.01.31"]
[SourceVersion "1"]
[SourceVersionDate "2020.01.31"]
[SourceQuality "1"]

1. e4 e5 2. Nf3 Nc6 3. Bb5 a6 4. Ba4 Nf6 5. 0-0 Be7 6. Re1 b5 7. Bb3 0-0 8. d3 d6 9. a3 Bg4 10. c3 d5 11. h3 Bh5 12. Nbd2 dxe4 13. dxe4 Qd6 14. Qe2 Na5 15. Bc2 c5 16. Nf1 c4 17. Ng3 Bxf3 18. Qxf3 g6 19. Nf1 Qe6 20. Bg5 Nh5 21. Bh6 Rfd8 22. Ne3 Rd2 23. Red1 Rad8 24. Rxd2 Rxd2 25. a4 b4 26. Rd1 Rxd1+ 27. Bxd1 bxc3 28. bxc3 Bf8 29. Bxf8 Kxf8 30. Nd5 Qd6 31. Qe3 Nf4 32. Bf3 Nxd5 33. exd5 Nb3 34. Qe2 Qc7 35. g4 Ke7 36. Qe3 Kd6 37. Qh6 Qe7 38. Qxh7 e4 39. Be2 Nc1 40. Bxc4 e3 41. Qh8 e2 42. Qb8+ Qc7 43. Qf8+ Qe7 44. Qb8+ Qc7 45. Qf8+ Qe7 1/2-1/2

[Event "NED-ch blitz 5th"]
[Site "Amstelveen"]
[Date "2019.11.30"]
[Round "28"]
[White "Admiraal, Miguoel"]
[Black "Smeets, Jan"]
[Result "1-0"]
[WhiteElo "2510"]
[BlackElo "2596"]
[PlyCount "64"]
[EventDate "2019.11.30"]
[EventType "swiss (blitz)"]
[EventRounds "30"]
[EventCountry "NED"]
[SourceTitle "CBM 193 Extra"]
[Source "ChessBase"]
[SourceDate "2020.01.31"]
[SourceVersion "1"]
[SourceVersionDate "2020.01.31"]
[SourceQuality "1"]

1. d4 d5 2. Bf4 c5 3. e3 Nc6 4. Nf3 a6 5. c4 cxd4 6. cxd5 Qxd5 7. Nc3 Qd8 8. exd4 Nf6 9. d5 Nb8 10. Bc4 g6 11. 0-0 Bg7 12. d6 e6 13. a4 0-0 14. h3 b6 15. Ne5 Bb7 16. Qe2 Nbd7 17. Rad1 Nxe5 18. Bxe5 Nd7 19. Bg3 Qf6 20. Rd2 Rfc8 21. Ne4 Qf5 22. Bd3 Qa5 23. b3 Bd5 24. Rc2 Rxc2 25. Qxc2 b5 26. axb5 axb5 27. Qc7 Nf8 28. Qxa5 Rxa5 29. Nc5 b4 30. Rc1 Bf6 31. Ne4 Bxe4 32. Bxe4 Ra2 1-0

[Event "NED-ch blitz 5th"]
[Site "Amstelveen"]
[Date "2019.11.30"]
[Round "22"]
[White "Van Foreest, Jorden"]
[Black "Smeets, Jan"]
[Result "1-0"]
[WhiteElo "2632"]
[BlackElo "2596"]
[PlyCount "88"]
[EventDate "2019.11.30"]
[EventType "swiss (blitz)"]
[EventRounds "30"]
[EventCountry "NED"]
[SourceTitle "CBM 193 Extra"]
[Source "ChessBase"]
[SourceDate "2020.01.31"]
[SourceVersion "1"]
[SourceVersionDate "2020.01.31"]
[SourceQuality "1"]

1. d4 d5 2. c4 c6 3. Nf3 e6 4. Nc3 dxc4 5. a4 Bb4 6. e4 b5 7. Be2 Bb7 8. 0-0 a6 9. e5 Ne7 10. Ne4 Nd5 11. h4 Nd7 12. h5 h6 13. Bd2 Be7 14. Qc2 0-0 15. Qc1 f5 16. exf6 N7xf6 17. Nxf6+ Nxf6 18. Ne5 c5 19. Ra3 Ne4 20. Bxh6 Qxd4 21. Ng6 Bd6 22. Bg4 Rxf2 23. Bxe6+ Kh7 24. Be3 Rxf1+ 25. Qxf1 Qxb2 26. Ra1 Qc3 27. Re1 Re8 28. Bd7 Rd8 29. Bf5 Kg8 30. h6 Bg3 31. Re2 Qf6 32. axb5 axb5 33. Ra2 Bc8 34. Bxc8 Qxf1+ 35. Kxf1 Rxc8 36. Ne7+ Kf7 37. Nxc8 gxh6 38. Ra7+ Ke6 39. Ke2 b4 40. Kf3 Nd6 41. Kxg3 Nxc8 42. Ra5 c3 43. Rxc5 Nd6 44. Kf3 Nf5 1-0

[Event "Bundesliga 1819"]
[Site "Germany"]
[Date "2019.03.01"]
[Round "9.5"]
[White "Smeets, Jan"]
[Black "Miedema, David"]
[Result "1-0"]
[WhiteElo "2602"]
[BlackElo "2381"]
[PlyCount "69"]
[EventDate "2018.11.10"]
[EventType "team-tourn"]
[EventRounds "15"]
[EventCountry "GER"]
[SourceTitle "CBM 189 Extra"]
[Source "ChessBase"]
[SourceDate "2019.06.03"]
[SourceVersion "1"]
[SourceVersionDate "2019.06.03"]
[SourceQuality "1"]
[WhiteTeam "Solingen"]
[BlackTeam "Duesseldorf"]
[WhiteTeamCountry "GER"]
[BlackTeamCountry "GER"]

1. e4 c5 2. Nf3 Nc6 3. d4 cxd4 4. Nxd4 Nf6 5. Nc3 e5 6. Ndb5 d6 7. Bg5 a6 8. Na3 b5 9. Nd5 Be7 10. Bxf6 Bxf6 11. c4 b4 12. Nc2 0-0 13. g3 Bg5 14. h4 Bh6 15. Bh3 Be6 16. Kf1 a5 17. Kg2 Nb8 18. Nce3 Bxe3 19. Nxe3 Na6 20. Bf5 g6 21. Bxe6 fxe6 22. h5 Nc5 23. hxg6 hxg6 24. Rh4 Kg7 25. Qe2 Rh8 26. Rxh8 Qxh8 27. Rh1 Qg8 28. Qg4 Rf8 29. Qh4 Qf7 30. f4 Nxe4 31. Ng4 Qg8 32. fxe5 dxe5 33. Qh6+ Kf7 34. Qe3 Nd6 35. Nh6+ 1-0

[Event "Bundesliga 1819"]
[Site "Germany"]
[Date "2019.02.03"]
[Round "8.7"]
[White "Smeets, Jan"]
[Black "Tischbierek, Raj"]
[Result "1-0"]
[WhiteElo "2602"]
[BlackElo "2432"]
[PlyCount "139"]
[EventDate "2018.11.10"]
[EventType "team-tourn"]
[EventRounds "15"]
[EventCountry "GER"]
[SourceTitle "CBM 188 Extra"]
[Source "ChessBase"]
[SourceDate "2019.02.26"]
[SourceVersion "1"]
[SourceVersionDate "2019.02.26"]
[SourceQuality "1"]
[WhiteTeam "Solingen"]
[BlackTeam "Dresden TU"]
[WhiteTeamCountry "GER"]
[BlackTeamCountry "GER"]

1. e4 c5 2. Nf3 d6 3. d4 cxd4 4. Nxd4 Nf6 5. Nc3 Nc6 6. Bg5 e6 7. Qd2 a6 8. 0-0-0 Nxd4 9. Qxd4 Be7 10. e5 dxe5 11. Qxe5 Bd7 12. Bf4 Qc8 13. Be2 Bc6 14. Rd3 b5 15. a3 0-0 16. Rg3 g6 17. Bh6 Qb8 18. Qxb8 Rfxb8 19. Rd1 a5 20. Bf4 Rb7 21. Bd6 b4 22. Bxe7 Rxe7 23. Nb5 Ne4 24. Rf3 Rb8 25. Nd4 Bd5 26. axb4 axb4 27. Nb3 Rc7 28. Rd4 Rbc8 29. Bd1 Nc5 30. Nxc5 Rxc5 31. Re3 b3 32. c3 Ra8 33. Rb4 Ra1+ 34. Kd2 Rb1 35. Bxb3 Rxb2+ 36. Bc2 Rxb4 37. cxb4 Rc4 38. b5 Rb4 39. Bd3 Rb2+ 40. Kc3 Rb3+ 41. Kd4 Bxg2 42. f3 f5 43. Bc4 Rb1 44. Bd3 Rc1 45. Be2 g5 46. Rxe6 Kf7 47. Rc6 Rb1 48. Rc5 Kf6 49. Rxf5+ Kxf5 50. Bd3+ Kf4 51. Bxb1 h5 52. Be4 Bf1 53. b6 Ba6 54. Bc6 g4 55. fxg4 Kxg4 56. Ke5 Kh3 57. Kd6 Kxh2 58. Kc7 h4 59. Bb5 Bxb5 60. b7 h3 61. b8Q Bf1 62. Kd6 Kg2 63. Qb2+ Kg1 64. Qd4+ Kg2 65. Qd2+ Kg1 66. Qe3+ Kg2 67. Ke5 h2 68. Kf4 h1N 69. Qd2+ Kg1 70. Kf3 1-0